书目信息 |
| 题名: |
吴三桂
|
|
| 作者: | 周鹏飞 著 | |
| 分册: | 下 | |
| 出版信息: | 北京 北京图书馆出版社 2004.01 |
|
| 页数: | 463-940页 | |
| 开本: | 21cm | |
| 丛书名: | ||
| 单 册: | ||
| 中图分类: | I247.53 , K827 | |
| 科图分类: | ||
| 主题词: | 历史小说--li shi xiao shuo--中国--当代 | |
| 电子资源: | ||
| ISBN: | 7-5013-2186-8 | |
| 000 | 01086nam0 2200253 450 | |
| 001 | 012008992561 | |
| 005 | 20080424145437.32 | |
| 010 | @a7-5013-2186-8@dCNY24.00 | |
| 100 | @a20080423d2004 km y0chiy0120 ea | |
| 101 | 0 | @achi |
| 102 | @aCN@b110000 | |
| 105 | @ay z 000ay | |
| 200 | 1 | @a吴三桂@Awu san gui@h下@f周鹏飞著 |
| 210 | @a北京@c北京图书馆出版社@d2004.01 | |
| 215 | @a463-940页@d21cm | |
| 330 | @a本书以时间为序记述了吴三桂一生的主要功过,及其在中国历史上的巨大作用。吴三桂(1612-1678),江南高邮人,原籍辽东,字宁远,曾参与松山之战,封平西伯,率军驻守山海关。李自成率义军进占北京,吴三桂向清睿亲王多尔衮请兵,打败李自成,被清封为平西王。顺治十四年授平西大将军,会同多尼等攻占南明云贵地区,执杀明桂王朱由榔。晋封亲王,坐镇云南,兼辖贵州…… | |
| 517 | 1 | @a百日伪帝吴三桂@Abai ri wei di wu san gui |
| 600 | 0 | @a吴三桂,@Awu san gui,@f1612-1678@x生平事迹 |
| 606 | 0 | @a历史小说@Ali shi xiao shuo@y中国@z当代 |
| 690 | @aI247.53@v4 | |
| 690 | @aK827@v4 | |
| 701 | 0 | @a周鹏飞@Azhou peng fei@4著 |
| 801 | 0 | @aCN@bQSSK@c20080424 |
| 905 | @b20702654-56@dI247.53@eZ781:2@f3 | |
| 吴三桂.下/周鹏飞著.-北京:北京图书馆出版社,2004.01 |
| 463-940页;21cm |
| ISBN 7-5013-2186-8:CNY24.00 |
| 本书以时间为序记述了吴三桂一生的主要功过,及其在中国历史上的巨大作用。吴三桂(1612-1678),江南高邮人,原籍辽东,字宁远,曾参与松山之战,封平西伯,率军驻守山海关。李自成率义军进占北京,吴三桂向清睿亲王多尔衮请兵,打败李自成,被清封为平西王。顺治十四年授平西大将军,会同多尼等攻占南明云贵地区,执杀明桂王朱由榔。晋封亲王,坐镇云南,兼辖贵州…… |
| ● |
| 相关链接 |
|
|
|
正题名:吴三桂
索取号:I247.53/Z781:2
 
预约/预借
| 序号 | 登录号 | 条形码 | 馆藏地/架位号 | 状态 | 备注 |
| 1 | 702654 | 207026546 | 社科二线422/422社科库 50排2列2层/ [索取号:I247.53/Z781:2] | 在馆 | |
| 2 | 702655 | 207026555 | 文学库108/108文学库 45排3列1层/ [索取号:I247.53/Z781:2] | 在馆 | |
| 3 | 702656 | 207026564 | 社科二线422/422社科库 3排1列2层/ [索取号:I247.53/Z781:2] | 在馆 |